Introduction to design for civil engineers (Record no. 100893)

MARC details
000 -LEADER
fixed length control field 00669cam a2200217 4500
008 - FIXED-LENGTH DATA ELEMENTS--GENERAL INFORMATION
fixed length control field 000000n2001 000 0 eng u
020 ## - INTERNATIONAL STANDARD BOOK NUMBER
International Standard Book Number 0419235507
035 ## - SYSTEM CONTROL NUMBER
System control number (Sirsi) u109186
050 ## - LIBRARY OF CONGRESS CALL NUMBER
Classification number 624
100 ## - MAIN ENTRY--PERSONAL NAME
Personal name Narayanan, R. S.
245 ## - TITLE STATEMENT
Title Introduction to design for civil engineers
260 ## - PUBLICATION, DISTRIBUTION, ETC.
Place of publication, distribution, etc. London
Name of publisher, distributor, etc. Spon Press
Date of publication, distribution, etc. 2001
300 ## - PHYSICAL DESCRIPTION
Extent vi, 196p. ; 24cm.
350 ## - PRICE (NR) (BK AM CF MU VM SE) [OBSOLETE]
Price 14.99
520 ## - SUMMARY, ETC.
Summary, etc. A concise book that provides students and newly qualified professionals with the necessary background on terminology used in design.
650 ## - SUBJECT ADDED ENTRY--TOPICAL TERM
Topical term or geographic name entry element STRUCTURAL ENGINEERING
650 ## - SUBJECT ADDED ENTRY--TOPICAL TERM
Topical term or geographic name entry element DESIGN
690 ## - LOCAL SUBJECT ADDED ENTRY--TOPICAL TERM (OCLC, RLIN)
Topical term or geographic name as entry element BUILT ENVIRONMENT
700 ## - ADDED ENTRY--PERSONAL NAME
Personal name Beeby, A.W.
942 ## - ADDED ENTRY ELEMENTS (KOHA)
Suppress in OPAC 0
Holdings
Withdrawn status Lost status Source of classification or shelving scheme Damaged status Not for loan Home library Current library Shelving location Date acquired Cost, normal purchase price Total Checkouts Full call number Barcode Date last seen Date last checked out Copy number Cost, replacement price Price effective from Koha item type
    Dewey Decimal Classification     London London Books 07/11/2000 14.99 10 624 NAR 30062591 06/08/2019 08/02/2010 1 14.99 06/08/2019 Book